| 000 | 00465nam a2200157 i 4500 | ||
|---|---|---|---|
| 001 | 52412 | ||
| 003 | ES-MaACL | ||
| 005 | 20230906162557.0 | ||
| 007 | t| | ||
| 008 | 030829s1945 mx ||||1| spa d | ||
| 100 | 1 |
_aChávez, Ignacio. _938280 |
|
| 245 | 1 | 0 |
_aEnfermedades del corazón _b: cirugía y embarazo / _cpor Ignacio Chávez. |
| 260 |
_aMéxico : _bColegio Nacional, _c[1945] ( _fStylo) |
||
| 300 |
_a182 p. ; _c24 cm. |
||
| 852 |
_aES-MaACL _jD-7158 _bR.31630 |
||
| 999 |
_c52412 _d52412 |
||